Online katalóg knižníc regiónu Turca

Kým príde láska (Record no. 22715)

MARC details
000 -LEADER
fixed length control field 00901nam a2200289 a 4500
001 - CONTROL NUMBER
control field 22715
003 - CONTROL NUMBER IDENTIFIER
control field SK-KTurca
005 - DATE AND TIME OF LATEST TRANSACTION
control field 20260421150546.0
008 - FIXED-LENGTH DATA ELEMENTS--GENERAL INFORMATION
fixed length control field 050808s1992 cs 000 0 slo
020 ## - INTERNATIONAL STANDARD BOOK NUMBER
International Standard Book Number 8022102490
035 ## - SYSTEM CONTROL NUMBER
System control number SVKPOKN008533
040 ## - CATALOGING SOURCE
Original cataloging agency SVKPOKN
Language of cataloging slo
Transcribing agency SVKPOKN
Modifying agency SVKPO
Description conventions AACR2
041 0# - LANGUAGE CODE
Language code of text/sound track or separate title slo
Language code of original fre
044 ## - COUNTRY OF PUBLISHING/PRODUCING ENTITY CODE
MARC country code cs
ISO country code CS
080 ## - UNIVERSAL DECIMAL CLASSIFICATION NUMBER
Universal Decimal Classification number 840-3=854
100 1# - MAIN ENTRY--PERSONAL NAME
Personal name Ferriére, Jean Pierre
245 10 - TITLE STATEMENT
Title Kým príde láska
Statement of responsibility, etc. Jean Pierre Ferriére; Ružena Jamrichová
250 ## - EDITION STATEMENT
Edition statement 2.
260 ## - PUBLICATION, DISTRIBUTION, ETC.
Place of publication, distribution, etc. Bratislava
Name of publisher, distributor, etc. Smena
Date of publication, distribution, etc. 1992
Place of manufacture Olomouc
Manufacturer Moravské tiskárny
300 ## - PHYSICAL DESCRIPTION
Extent 211 str.
490 0# - SERIES STATEMENT
Series statement Ruža
Volume/sequential designation zv. 3
653 ## - INDEX TERM--UNCONTROLLED
Uncontrolled term Tlač
-- Brožúry
-- Literárna veda a krásna literatúra
-- Umelecký preklad
655 #7 - INDEX TERM--GENRE/FORM
Genre/form data or focus term umelecká literatúra
Source of term svkpo
700 1# - ADDED ENTRY--PERSONAL NAME
Personal name Jamrichová, Ružena,
Dates associated with a name 1918-2009
Relationship trl
942 ## - ADDED ENTRY ELEMENTS (KOHA)
Source of classification or shelving scheme Dewey Decimal Classification
Koha item type Krásna literatúra pre dospelých
Suppress in OPAC No
Holdings
Stav vyradenia Strata Poškodenie Spôsob nadobudnutia Domovská knižnica Aktuálna knižnica Dátum nadobudnutia Total checkouts Čiarový kód exemplára Date last seen Typ exemplára
      Dar Obecná knižnica Horná Štubňa Obecná knižnica Horná Štubňa 21.04.2026   4736202242 21.04.2026 Krásna literatúra pre dospelých
Projekt je podporený Slovenskou asociáciou knižníc
Prevádzkuje Turčianska knižnica Martin 2026